000 00445nam a22001697a 4500
003 SGT
020 _a9781975175337
082 _a615.83
_bB22N
100 _aNORDIN, MARGARETA
245 _aBASIC BIOMECHANICS OF THE MUSCULOSKELETAL SYSTEM
250 _a5TH
260 _aPHILADELPHIA
_bWOLTERS KLUWER PUB
_c2022
300 _a499
650 _aPHYSIOTHERAPY
653 _aBASIC BIOMECHANICS OF THE MUSCULOSKELETAL SYSTEM
942 _2ddc
_cBK
999 _c23292
_d23292